000
00233nam a22001097a 4500
040
_c
SK
082
_a
634
100
_a
DANCED
245
_a
The art of building facilitation capacities
260
_a
Phnom Penh
_b
DAN
_c
2002
942
_c
KB
999
_c
8529
_d
8529